[Event "El Sauzal op 7th"]
[Site "El Sauzal"]
[Date "2006.11.05"]
[Round "6"]
[White "Doering, Thomas"]
[Black "Munoz Pantoja, Miguel Angel"]
[Result "0-1"]
[WhiteElo "2209"]
[BlackElo "2483"]
[PlyCount "74"]
[EventDate "2006.11.04"]
[EventType "swiss (rapid)"]
[EventRounds "9"]
[EventCountry "ESP"]
[SourceTitle "CBM 115 Extra"]
[Source "ChessBase"]
[SourceDate "2007.01.10"]
[SourceVersion "1"]
[SourceVersionDate "2007.01.10"]
[SourceQuality "1"]

1. c4 g6 2. g3 Bg7 3. Bg2 c5 4. Nc3 Nc6 5. e4 d6 6. Nge2 e5 7. d3 Nge7 8. a3 0-0 9. 0-0 f5 10. Rb1 Rb8 11. b4 f4 12. f3 h5 13. bxc5 dxc5 14. Nd5 g5 15. Bd2 Ng6 16. Rb5 b6 17. a4 Bd7 18. Rb1 a5 19. Nec3 Nb4 20. Qe2 Rf7 21. Rb2 g4 22. Nb5 Be6 23. Rb3 Bh6 24. Bc1 Kh7 25. Bb2 Rbb7 26. Bc3 Rf8 27. Rbb1 Rbf7 28. Rbd1 Nc6 29. Rb1 Nb4 30. Bd2 Nc6 31. Rbe1 Bg7 32. Rf2 fxg3 33. hxg3 h4 34. gxh4 g3 35. Rff1 Qxh4 36. Bh1 Nf4 37. Bxf4 exf4 0-1

[Event "Ruhrgebiet Regionalliga 0001"]
[Site "Ruhrgebiet"]
[Date "2001.01.21"]
[Round "5"]
[White "Volesky, Karl Heinz"]
[Black "Doering, Thomas"]
[Result "1/2-1/2"]
[WhiteElo "2036"]
[BlackElo "2091"]
[PlyCount "90"]
[EventDate "2000.09.17"]
[EventType "team-tourn"]
[EventRounds "11"]
[EventCountry "GER"]
[SourceTitle "EXT 2024"]
[Source "ChessBase"]
[SourceDate "2023.10.10"]
[SourceVersion "1"]
[SourceVersionDate "2023.10.10"]
[SourceQuality "1"]
[WhiteTeam "Ahlen SV"]
[BlackTeam "Wattenscheid SV II"]
[WhiteTeamCountry "GER"]
[BlackTeamCountry "GER"]

1. c4 f5 2. d4 Nf6 3. Bg5 g6 4. Nc3 Bg7 5. g3 0-0 6. Bg2 d6 7. Nf3 Na6 8. 0-0 Qe8 9. Rb1 e5 10. d5 Nh5 11. Bd2 h6 12. e3 g5 13. Ne1 Nf6 14. f4 Ng4 15. fxg5 hxg5 16. Qe2 Qg6 17. e4 f4 18. h3 Nf6 19. g4 Rf7 20. Bf3 Bf8 21. Kg2 Rh7 22. Rh1 Be7 23. Nd3 Nc5 24. Nxc5 dxc5 25. Be1 Bd6 26. Bf2 a5 27. a4 Bd7 28. b3 Kg7 29. Be1 Rah8 30. Nd1 b6 31. Nf2 Rh6 32. Rc1 Nh7 33. Rc3 Nf8 34. Rd3 Qf6 35. Nd1 Ng6 36. Qf1 R8h7 37. Rh2 Kg8 38. Qh1 Qh8 39. Bf2 Be8 40. Be1 Bf7 41. Bf2 Qg7 42. Be1 Rh8 43. Rd2 R6h7 44. Qf1 Qh6 45. Qg1 Qg7 1/2-1/2

[Event "Ruhrgebiet Regionalliga 0001"]
[Site "Ruhrgebiet"]
[Date "2000.09.17"]
[Round "1"]
[White "Mueller, Frank3333"]
[Black "Doering, Thomas"]
[Result "1/2-1/2"]
[WhiteElo "1949"]
[BlackElo "2091"]
[PlyCount "171"]
[EventDate "2000.09.17"]
[EventType "team-tourn"]
[EventRounds "11"]
[EventCountry "GER"]
[SourceTitle "EXT 2024"]
[Source "ChessBase"]
[SourceDate "2023.10.10"]
[SourceVersion "1"]
[SourceVersionDate "2023.10.10"]
[SourceQuality "1"]
[WhiteTeam "Castrop Rauxel II"]
[BlackTeam "Wattenscheid SV II"]
[WhiteTeamCountry "GER"]
[BlackTeamCountry "GER"]

1. e4 d5 2. exd5 Qxd5 3. Nc3 Qa5 4. d4 c6 5. Nf3 Nf6 6. Bc4 Bf5 7. Bd2 e6 8. Qe2 Bb4 9. 0-0-0 Nbd7 10. a3 Bxc3 11. Bxc3 Qc7 12. Ne5 Nxe5 13. dxe5 Nd5 14. Bd2 0-0-0 15. g4 Bg6 16. f4 h5 17. h3 hxg4 18. hxg4 Qb6 19. Rhf1 Qd4 20. f5 exf5 21. Bg5 Qxg4 22. Qxg4 fxg4 23. Bxd8 Rxd8 24. Bxd5 Rxd5 25. Rxd5 cxd5 26. Rf4 g3 27. Rg4 Be4 28. Rxg3 g6 29. c3 Kd7 30. Kd2 Ke6 31. Rg5 Bf5 32. Ke3 Kxe5 33. Rg1 Be4 34. Rg3 f5 35. Rg5 b5 36. b3 a5 37. a4 bxa4 38. bxa4 Kf6 39. Kf4 Bc2 40. Rg1 Bxa4 41. Ra1 g5+ 42. Kf3 Bb3 43. Rxa5 Ke5 44. Ra8 Bd1+ 45. Kf2 f4 46. Re8+ Kf5 47. Rd8 Bb3 48. Rf8+ Kg4 49. Rf6 Bc2 50. Rf8 Be4 51. Re8 Kf5 52. Rf8+ Kg6 53. Rg8+ Kf6 54. Ke2 Bg6 55. Rd8 Bf7 56. Kf3 Kf5 57. Rf8 g4+ 58. Kg2 Kf6 59. Kf2 Ke7 60. Rb8 Kd6 61. Rf8 Ke6 62. Rb8 Ke5 63. Rb7 Be6 64. Re7 Kf6 65. Re8 Bf5 66. Rf8+ Kg5 67. Rg8+ Bg6 68. Rg7 Kf5 69. Rd7 g3+ 70. Kf3 Bh5+ 71. Kg2 Ke5 72. Re7+ Kf6 73. Rd7 Bg6 74. Rd6+ Kf7 75. Rb6 Be4+ 76. Kh3 Bf5+ 77. Kg2 Bg6 78. Rd6 Kg7 79. Ra6 Kh6 80. Ra5 Be4+ 81. Kh3 g2 82. Kh2 Kg6 83. Kg1 Kf6 84. Kf2 Ke6 85. Ra4 Kd6 86. Rb4 1/2-1/2

[Event "Ruhrgebiet VL,VK 9900 Relegation4"]
[Site "Ruhrgebiet"]
[Date "2000.06.04"]
[Round "2"]
[White "Doering, Thomas"]
[Black "Lucht, Roland"]
[Result "1/2-1/2"]
[WhiteElo "2092"]
[BlackElo "2060"]
[PlyCount "120"]
[EventDate "2000.??.??"]
[EventType "team-tourn"]
[EventRounds "3"]
[EventCountry "GER"]
[SourceTitle "EXT 2024"]
[Source "ChessBase"]
[SourceDate "2023.10.10"]
[SourceVersion "1"]
[SourceVersionDate "2023.10.10"]
[SourceQuality "1"]
[WhiteTeam "Wattenscheid SV II"]
[BlackTeam "Dortmund Hansa"]
[WhiteTeamCountry "GER"]
[BlackTeamCountry "GER"]

1. c4 Nf6 2. g3 g6 3. Bg2 Bg7 4. Nc3 d6 5. d3 0-0 6. Bg5 h6 7. Bd2 c5 8. Nf3 Nc6 9. 0-0 Bg4 10. a3 Bd7 11. h3 Ne8 12. Rb1 a5 13. Ne1 Rb8 14. Nc2 Nd4 15. Nxd4 cxd4 16. Nb5 Bc6 17. Qa4 Ra8 18. b4 axb4 19. Qxb4 Nc7 20. Nxc7 Qxc7 21. Bxc6 bxc6 22. a4 c5 23. Qb7 Qxb7 24. Rxb7 Rxa4 25. Rxe7 Rb8 26. Bf4 Ra6 27. Rd7 Bf8 28. g4 Rb2 29. Re1 Kg7 30. Kg2 g5 31. Bg3 Rb3 32. Kf3 Rbb6 33. Ke4 Ra2 34. e3 Ra8 35. Kd5 Ra3 36. Rd1 dxe3 37. fxe3 Rbb3 38. Ke4 d5+ 39. Rxd5 Ra8 40. h4 Re8+ 41. Kf3 Be7 42. hxg5 Bxg5 43. Bf4 Bxf4 44. Kxf4 Rc8 45. Rh1 Rb6 46. Rhh5 Rbc6 47. Rhf5 R8c7 48. e4 Kg6 49. e5 Re6 50. Rd6 Rc6 51. Rxc6 Rxc6 52. Ke4 Rc7 53. d4 cxd4 54. Kxd4 Rd7+ 55. Ke4 Rc7 56. Rf6+ Kg5 57. Kd3 Rd7+ 58. Rd6 Ra7 59. c5 Ra5 60. Rd7 Kg6 1/2-1/2

[Event "Ruhrgebiet VL2 9900"]
[Site "Ruhrgebiet"]
[Date "1999.11.21"]
[Round "3"]
[White "Doering, Thomas"]
[Black "Mueller, Frank"]
[Result "1-0"]
[WhiteElo "2215"]
[BlackElo "2133"]
[PlyCount "55"]
[EventDate "1999.09.19"]
[EventType "team-tourn"]
[EventRounds "9"]
[EventCountry "GER"]
[SourceTitle "EXT 2001"]
[Source "ChessBase"]
[SourceDate "2000.11.22"]
[SourceVersion "1"]
[SourceVersionDate "2000.11.22"]
[SourceQuality "1"]

1. Nf3 Nf6 2. g3 g6 3. Bg2 Bg7 4. 0-0 0-0 5. d3 d5 6. Nbd2 d4 7. e4 dxe3 8. fxe3 c5 9. Nb3 Qc7 10. Qe2 b6 11. e4 Nc6 12. e5 Ne8 13. Bf4 e6 14. Rae1 Ba6 15. Nbd2 Rd8 16. a3 Nd4 17. Nxd4 Rxd4 18. b3 Bb7 19. a4 Bxg2 20. Qxg2 Rd5 21. Nf3 Qd8 22. Qh3 Qb8 23. Ng5 h6 24. Nf3 Kh7 25. Re4 Nc7 26. Bxh6 Bxh6 27. Rh4 Rh8 28. Ng5+ 1-0

[Event "Ruhrgebiet VK2 9798"]
[Site "Ruhrgebiet"]
[Date "1998.??.??"]
[Round "?"]
[White "Doering, Thomas"]
[Black "Huettemann, Karl Heinz"]
[Result "1/2-1/2"]
[WhiteElo "2210"]
[BlackElo "2220"]
[PlyCount "40"]
[EventDate "1997.??.??"]
[EventType "team"]
[EventRounds "9"]
[EventCountry "GER"]
[SourceTitle "EXT 2002"]
[Source "ChessBase"]
[SourceDate "2001.11.25"]
[SourceVersion "1"]
[SourceVersionDate "2001.11.25"]
[SourceQuality "1"]

1. e4 c5 2. c3 Nf6 3. e5 Nd5 4. d4 cxd4 5. Nf3 e6 6. cxd4 Nc6 7. a3 d6 8. Bd3 dxe5 9. dxe5 g6 10. 0-0 Bg7 11. Qe2 Qc7 12. Re1 0-0 13. Qe4 Bd7 14. Bg5 h6 15. Bh4 Nce7 16. Bxe7 Nxe7 17. Nc3 Bc6 18. Qe3 Nd5 19. Nxd5 Bxd5 20. Rac1 Qe7 1/2-1/2

[Event "Bundesliga 9596"]
[Site "Germany"]
[Date "1995.??.??"]
[Round "?.8"]
[White "Kovalev, Andrei"]
[Black "Doering, Thomas"]
[Result "1-0"]
[WhiteElo "2505"]
[BlackElo "2215"]
[PlyCount "59"]
[EventDate "1995.10.14"]
[EventType "team-tourn"]
[EventRounds "15"]
[EventCountry "GER"]
[SourceTitle "GER-chT"]
[Source "ChessBase"]
[SourceDate "1999.07.01"]
[SourceVersion "1"]
[SourceVersionDate "1999.07.01"]
[SourceQuality "1"]
[WhiteTeam "Berlin Empor"]
[BlackTeam "Castrop Rauxel"]
[WhiteTeamCountry "GER"]
[BlackTeamCountry "GER"]

1. e4 c5 2. f4 e6 3. Nf3 d5 4. Nc3 Nf6 5. e5 Nfd7 6. d4 Nc6 7. Be3 a6 8. Qd2 cxd4 9. Nxd4 Bc5 10. 0-0-0 0-0 11. h4 Qc7 12. h5 b5 13. h6 g6 14. Nxc6 Qxc6 15. Bxc5 Qxc5 16. Rh3 b4 17. Na4 Qa5 18. b3 Nc5 19. Nxc5 Qxc5 20. Qd4 Qa5 21. Kb1 Bd7 22. f5 Rac8 23. Qh4 Qc7 24. Bd3 Qxe5 25. Re1 Qc3 26. fxg6 fxg6 27. Bxg6 Qf6 28. Bd3 a5 29. Qg4+ Kh8 30. Qg7+ 1-0

[Event "Bundesliga 9394"]
[Site "Germany"]
[Date "1994.05.08"]
[Round "14.8"]
[White "Doering, Thomas"]
[Black "Stern, Rene"]
[Result "0-1"]
[WhiteElo "2215"]
[BlackElo "2385"]
[PlyCount "64"]
[EventDate "1993.11.06"]
[EventType "team-tourn"]
[EventRounds "15"]
[EventCountry "GER"]
[SourceTitle "GER-chT"]
[Source "ChessBase"]
[SourceDate "1999.07.01"]
[SourceVersion "1"]
[SourceVersionDate "1999.07.01"]
[SourceQuality "1"]
[WhiteTeam "Castrop Rauxel"]
[BlackTeam "Berlin Empor"]
[WhiteTeamCountry "GER"]
[BlackTeamCountry "GER"]

1. d4 d5 2. c4 e6 3. Nc3 Nf6 4. cxd5 exd5 5. Bg5 Be7 6. e3 0-0 7. Bd3 Nbd7 8. Qc2 Re8 9. Nge2 Nf8 10. h3 Be6 11. g4 Rc8 12. Rd1 c6 13. Kf1 h6 14. Bf4 c5 15. f3 a6 16. Ng3 b5 17. Qf2 Ng6 18. Bxg6 fxg6 19. Kg2 Rf8 20. Qd2 g5 21. Be5 Nd7 22. f4 gxf4 23. exf4 Nxe5 24. dxe5 d4 25. Nce4 Bd5 26. Kh2 Qc7 27. Rhf1 Bh4 28. Qd3 Bxg3+ 29. Nxg3 Bc4 30. Qg6 Bxf1 31. Nf5 Bc4 32. Nxh6+ Kh8 0-1

[Event "Dortmund op-A"]
[Site "Dortmund"]
[Date "1992.??.??"]
[Round "9"]
[White "Doering, Thomas"]
[Black "Komarov, Dimitri"]
[Result "0-1"]
[WhiteElo "2325"]
[BlackElo "2455"]
[PlyCount "58"]
[EventDate "1992.04.??"]
[EventType "swiss"]
[EventRounds "11"]
[EventCountry "GER"]
[SourceTitle "TD"]
[Source "ChessBase"]
[SourceDate "1994.03.01"]
[SourceVersion "1"]
[SourceVersionDate "1994.03.01"]
[SourceQuality "1"]

1. d4 Nf6 2. c4 e6 3. Nc3 Bb4 4. e3 c5 5. a3 Bxc3+ 6. bxc3 Nc6 7. Bd3 0-0 8. Ne2 b6 9. e4 Ne8 10. 0-0 Ba6 11. f4 f5 12. Ng3 g6 13. Be3 Nd6 14. exf5 Nxc4 15. Qe2 Nxe3 16. Qxe3 cxd4 17. cxd4 Bxd3 18. Qxd3 exf5 19. d5 Na5 20. Rfe1 Qf6 21. Qb5 Rf7 22. Rad1 Qd6 23. Re5 Qxa3 24. Qe2 Qc5+ 25. Kh1 Nb7 26. Re8+ Rxe8 27. Qxe8+ Qf8 28. Qe2 b5 29. Qa2 Qc5 0-1

[Event "Groningen op"]
[Site "Groningen"]
[Date "1992.??.??"]
[Round "3"]
[White "Douven, Rudy C"]
[Black "Doering, Thomas"]
[Result "1-0"]
[WhiteElo "2410"]
[BlackElo "2275"]
[PlyCount "63"]
[EventDate "1992.??.??"]
[EventType "swiss"]
[EventRounds "9"]
[EventCountry "NED"]
[SourceTitle "EXT 1997"]
[Source "ChessBase"]
[SourceDate "1996.11.15"]
[SourceVersion "1"]
[SourceVersionDate "1996.11.15"]
[SourceQuality "1"]

1. d4 Nf6 2. c4 e6 3. Nf3 Bb4+ 4. Bd2 c5 5. Bxb4 cxb4 6. g3 0-0 7. Bg2 d6 8. 0-0 Nbd7 9. Qb3 Qb6 10. a3 bxa3 11. Qxa3 e5 12. e3 exd4 13. exd4 Ne4 14. b4 Ndf6 15. Nc3 Nxc3 16. Qxc3 Bg4 17. c5 Qc7 18. Nd2 d5 19. b5 Be2 20. Rfb1 a6 21. bxa6 Rxa6 22. Rxa6 bxa6 23. Rb6 Re8 24. Nf1 Rd8 25. Ne3 Bb5 26. Qa5 Qe7 27. Rb7 Qe8 28. Nf5 Rb8 29. Rxb8 Qxb8 30. Ne7+ Kf8 31. Nxd5 Bc4 32. Nb6 1-0

[Event "Dortmund op-A"]
[Site "Dortmund"]
[Date "1992.??.??"]
[Round "8"]
[White "Schmidt, Wlodzimierz"]
[Black "Doering, Thomas"]
[Result "1/2-1/2"]
[WhiteElo "2465"]
[BlackElo "2325"]
[PlyCount "120"]
[EventDate "1992.04.??"]
[EventType "swiss"]
[EventRounds "11"]
[EventCountry "GER"]
[SourceTitle "TD"]
[Source "ChessBase"]
[SourceDate "1994.03.01"]
[SourceVersion "1"]
[SourceVersionDate "1994.03.01"]
[SourceQuality "1"]

1. Nf3 Nf6 2. c4 g6 3. Nc3 Bg7 4. e4 d6 5. d4 0-0 6. Be2 e5 7. 0-0 Nc6 8. d5 Ne7 9. Nd2 a5 10. a3 Nd7 11. Rb1 f5 12. b4 Kh8 13. f3 Ng8 14. Qc2 Ngf6 15. Nb5 axb4 16. axb4 Nh5 17. g3 Ndf6 18. c5 fxe4 19. fxe4 Bh3 20. Re1 Qd7 21. cxd6 cxd6 22. Qc7 Ne8 23. Qxd7 Bxd7 24. Nc3 Bh6 25. Nc4 Bxc1 26. Rbxc1 Nhf6 27. Nb6 Ra3 28. Nxd7 Nxd7 29. Nb5 Rb3 30. Rb1 Rxb1 31. Rxb1 Ndf6 32. Rf1 Kg7 33. Bf3 g5 34. g4 Rf7 35. Kg2 Rd7 36. Rc1 Rd8 37. Nc7 Nxc7 38. Rxc7+ Rd7 39. Rc8 Kf7 40. Kg3 Ke7 41. h4 h6 42. Rh8 gxh4+ 43. Kxh4 Rc7 44. Rxh6 Rc4 45. Kg5 Nxe4+ 46. Bxe4 Rxe4 47. Rh7+ Kd8 48. Rxb7 Rd4 49. b5 Rxd5 50. Kf6 Rd1 51. g5 Rf1+ 52. Ke6 Rg1 53. b6 Kc8 54. Rc7+ Kb8 55. Kf6 Rf1+ 56. Kg7 e4 57. g6 e3 58. Re7 Rf3 59. Kh6 Rh3+ 60. Kg5 Rg3+ 1/2-1/2